000 00790nam a22002177a 4500
999 _c5778
_d5778
003 OSt
005 20251106081636.0
008 251106b ||||| |||| 00| 0 eng d
020 _a9780374537913
040 _cKH8
082 0 0 _a629.45 VOR
100 1 _aFetter-Vorm, Jonathan
_eauthor
245 1 0 _aMoonbound
_bApollo 11 and the dream of spaceflight
_cJonathan Fetter-Vorm.
250 _aFirst edition
264 1 _aNew York
_ba novel graphic from Hill and Wang, a division of Farrar, Straus and Giroux
_c2019
300 _a248 pages
_bcolor illustrations
_c24 cm x 15 cm
520 _aMoonbound tells the monumental story of the moon and the men who went there first.
650 0 _aSpace flight to the moon
_vComic books, strips, etc.
650 0 _aGraphic novels
942 _2ddc
_cGN